000 00879nmm a2200277 a 4500
003 AR-BaBNM
005 20251128210423.0
008 270020s1994 ||||||||||||||000 | spa||
020 _as/n
040 _cAR-BaBNM
100 1 _aMartín, Luis Jesús
245 1 0 _aEl puerto de Buenos Aires recepciona despojos mortales repatriados
260 _aBuenos Aires
_bJunta de Estudios Históricos del Puerto de Nuestra Señora Santa María de Buen Ayre
_c1994
300 0 _a91 p.
500 0 _aContiene fuentes para consultar a pie de página
650 4 _aHISTORIA ARGENTINA
650 4 _aHISTORIA PROVINCIAL ARGENTINA
650 4 _aHISTORIA DE BUENOS AIRES
650 4 _aPUERTOS
650 4 _aHISTORIA PORTUARIA
651 4 _aBuenos Aires [Capital Federal]
700 1 _aHorat, Jorge
700 1 _aRocca, Edgardo J.
_eprologuista
942 _cBK
998 _cMariana
999 _c15401
_d15401